000 00298nam a22001457a 4500
008 210514b ||||| |||| 00| 0 eng d
020 _a394328302
041 _aeng
080 _a781
082 _a781
100 _a45
101 _aMUZ
245 _aTonal Harmony
_cKostka,S
942 _2udc
_cBK
999 _c57338
_d57338